China syndrome: the true story of the 21st century's first great epidemic (Record no. 249946)

MARC details
000 -LEADER
fixed length control field 00631nam a2200205Ia 4500
008 - FIXED-LENGTH DATA ELEMENTS--GENERAL INFORMATION
fixed length control field 191130s2007##################000#0#eng##
020 ## - INTERNATIONAL STANDARD BOOK NUMBER
ISBN 9780060587239
082 ## - DEWEY DECIMAL CLASSIFICATION NUMBER
Classification number 614.59200951 GRE
100 ## - MAIN ENTRY--AUTHOR NAME
Personal name Greenfeld, Karl Taro
245 ## - TITLE STATEMENT
Title China syndrome: the true story of the 21st century's first great epidemic
Statement of responsibility, etc Karl Taro Greenfeld
250 ## - EDITION STATEMENT
Edition statement 1st ed
260 ## - PUBLICATION, DISTRIBUTION, ETC. (IMPRINT)
Place of publication New York
Name of publisher Harper Perennial
Year of publication 2007
300 ## - PHYSICAL DESCRIPTION
Number of Pages xx, 442 p
500 ## - GENERAL NOTE
General note Includes bibliographical references and index
650 ## - SUBJECT ADDED ENTRY--TOPICAL TERM
Topical Term SARS (Disease)
991 ## -
-- 46627
Holdings
Withdrawn status Lost status Damaged status Not for loan Home library Current library Shelving location Date acquired Full call number Accession Number Price effective from Koha item type
        Anna Centenary Library Anna Centenary Library 5TH FLOOR, B WING 13.10.2020 614.59200951 GRE 467430 13.10.2020 English Books

Find us on the map